Žltá kniha budovania značky
Gespeichert in:
| 1. Verfasser: | |
|---|---|
| Format: | Buch |
| Sprache: | Slowakisch |
| Veröffentlicht: |
Bratislava
barecz & conrad books
2023
|
| Ausgabe: | 1. vydanie |
| Schlagworte: | |
| Tags: |
Keine Tags, Fügen Sie das erste Tag hinzu!
|
MARC
| LEADER | 00000nam a2200000 4500 | ||
|---|---|---|---|
| 001 | 0303072 | ||
| 005 | 20240909112938.8 | ||
| 020 | |a 978-80-8258-011-5 | ||
| 041 | 0 | |a slo | |
| 044 | |a SK | ||
| 245 | 1 | 0 | |a Žltá kniha budovania značky |c Michal Pastier |
| 250 | |a 1. vydanie | ||
| 264 | 1 | |a Bratislava |b barecz & conrad books |c 2023 | |
| 300 | |a 604 s. | ||
| 610 | 2 | 0 | |a budovanie značky |
| 610 | 2 | 0 | |a značky |
| 610 | 2 | 0 | |a marketing |
| 610 | 2 | 0 | |a komunikácia marketingová |
| 610 | 2 | 0 | |a stratégia marketingová |
| 610 | 2 | 0 | |a kreativita |
| 100 | 1 | |a Pastier, Michal | |